| 000 | 00759cam a22002413a 4500 | ||
|---|---|---|---|
| 001 | 22742 | ||
| 003 | PGUSA | ||
| 005 | 20140828083502.0 | ||
| 008 | 070923s2007||||xxu|||||s|||||000 p eng d | ||
| 040 |
_aPGUSA _beng |
||
| 042 | _adc | ||
| 050 | 4 | _aPQ | |
| 100 | 1 |
_aHerculano, Alexandre, _d1810-1877 |
|
| 245 | 1 | 2 |
_aA Harpa do Crente : _bTentativas poeticas pelo auctor da Voz do Propheta _h[electronic resource] / _cAlexandre Herculano |
| 260 |
_bProject Gutenberg, _c2007 |
||
| 506 | _aPublic domain in the USA. | ||
| 516 | _aElectronic text | ||
| 653 | _aPoetry | ||
| 740 | 0 | _aA Harpa do Crente Tentativas poéticas pelo autor da Voz do Profeta | |
| 830 | 0 |
_aProject Gutenberg _v22742 |
|
| 856 | 4 | 0 | _uhttp://www.gutenberg.org/ebooks/22742 |
| 942 | _cEB | ||
| 999 |
_c251997 _d251997 |
||